Adivinhe o personagem de anime pela imagem - Statistics

Estatísticas Gerais
  • Esse quiz foi jogado 1 914 vezes
  • A pontuação média é 18 de 24
Estatísticas das Respostas
Imagem Resposta % Correto
Luffy
97%
Naruto
95%
Zoro
95%
Sakura
94%
Eren
93%
Sasuke
93%
Kakashi
92%
Nami
89%
Saitama
89%
Vegeta
88%
Ash
87%
Mikasa
87%
Tanjiro
82%
Deku
81%
All Might
77%
Usopp
77%
Anya
75%
Inosuke
73%
Yor
59%
Senku
58%
Seiya
57%
Kenshin
34%
Raphtalia
33%
Filo
31%
Nenhum quiz correspondente encontrado
Distribuição das Pontuações
Porcentagem de Pessoas com Cada Pontuação
Percentil de Números Respondidos
Sua Pontuação Histórica
Você não jogou esse quiz